书目信息 |
| 题名: |
我们的一生
|
|
| 作者: | 格姆科夫 著 ;舒昌善 译 | |
| 分册: | ||
| 出版信息: | 天津 天津人民出版社 1983 |
|
| 页数: | 424页 | |
| 开本: | 21cm | |
| 丛书名: | ||
| 单 册: | ||
| 中图分类: | A7 | |
| 科图分类: | ||
| 主题词: | 马克思,K.--传记 , 恩格斯,F.--传记 | |
| 电子资源: | ||
| ISBN: | ||
| 000 | 00843nam0 2200277 45 | |
| 001 | 0183005877 | |
| 005 | 20050317111326.5 | |
| 010 | @dCNY1.42 | |
| 091 | @a11072.124 | |
| 100 | @a19950727d1983 em y0chiy0121 ea | |
| 101 | 1 | @achi@cger |
| 102 | @aCN@b120000 | |
| 105 | @af z 000zc | |
| 200 | 10 | @a我们的一生@Awo men de yi sheng@e马克思恩格斯传记@EMa Ke Si En Ge Si Zhuan Ji@f(德)H·格姆科夫著@F(De)H·Ge Mu Ke Fu Zhu@g舒昌善译 |
| 210 | @a天津@c天津人民出版社@d1983 | |
| 215 | @a424页@c照片@d21cm | |
| 300 | @a外国名人传记 | |
| 517 | @a马克思恩格斯传记@AMa Ke Si En Ge Si Zhuan Ji | |
| 606 | 0 | @a马克思,K.@x传记 |
| 606 | 0 | @a恩格斯,F.@x传记 |
| 690 | @aA7@v3 | |
| 701 | 0 | @a格姆科夫@4著 |
| 702 | 0 | @a舒昌善@Ashu chang shan@4译 |
| 801 | 0 | @aCN@b上海图书馆@c20040422 |
| 801 | 2 | @aCN@bNLC@c20040422 |
| 905 | @dA7@e45@f1@b153702 | |
| 我们的一生:马克思恩格斯传记/(德)H·格姆科夫著/舒昌善译.-天津:天津人民出版社,1983 |
| 424页:照片;21cm |
| 外国名人传记 |
| ISBN :CNY1.42 |
| ● |
| 相关链接 |
|
|
|
|
正题名:我们的一生
索取号:A7/45
 
预约/预借
| 序号 | 登录号 | 条形码 | 馆藏地/架位号 | 状态 | 备注 |
| 1 | 0153701 | 000955620 | 第一借阅区/ [索取号:A7/45] | 在馆 | |
| 2 | 0153702 | 001980798 | 第一借阅区/ [索取号:A7/45] | 在馆 | |
| 3 | 0153703 | 000955666 | 第一样本阅览室/ [索取号:A7/45] | 在馆 |